• 首页
  • 本馆介绍
  • 公告通知
  • 最新文献
  • 馆藏检索
  • 电子资源
  • 读者导购
  • 参考咨询
  • 我的图书馆
  • 登录
  • 详细信息显示
  • 放入我的书架
  • 预约/预借图书
  • 作者相关作品
  • 分类相关作品
  • 丛书相关作品
  • 出版社相关作品

书目信息

  • 表格格式
  • 工作单格式
  • 卡片格式
题名:
电子CAD试题汇编
    
 
作者: 刘南平 编著
分册:  
出版信息: 北京   北京师范大学出版社  2007.11
页数: 180页
开本: 26cm
丛书名:
单 册:
中图分类: TN410.2
科图分类:
主题词: 印刷电路--计算机辅助设计--技术培训--教材
电子资源:
ISBN: 978-7-303-08957-4
000 00864nam0 2200253 450
001 012004203268
005 20091221095232.83
010    @a978-7-303-08957-4@dCNY25.00
100    @a20080111d2007 em y0chiy0110 ea
101 0  @achi
102    @aCN@b110000
105    @aa zq 000yy
106    @ar
200 1  @a电子CAD试题汇编@9dian zi CAD shi ti hui bian@f刘南平编著
210    @a北京@c北京师范大学出版社@d2007.11
215    @a180页@c图表@d26cm
300    @a国家信息产业(CAD)职业技术培训项目指定教材
304    @a信息产业部电子行业职业技能鉴定指导中心组编
330    @a本书内容包括:原理图库操作、原理图设计、原理图检查及网络表报告文件生成、PCB库操作、PCB布局等。
606 0  @a印刷电路@x计算机辅助设计@x技术培训@j教材
690    @aTN410.2@v4
701  0 @a刘南平@9liu nan ping@4编著
801  0 @aCN@bNLC@c20091221
905    @b20798364-69@dTN410.2@e124@f6
    
    电子CAD试题汇编/刘南平编著.-北京:北京师范大学出版社,2007.11
    180页:图表;26cm
    国家信息产业(CAD)职业技术培训项目指定教材
    
    ISBN 978-7-303-08957-4:CNY25.00
    本书内容包括:原理图库操作、原理图设计、原理图检查及网络表报告文件生成、PCB库操作、PCB布局等。
●
相关链接 在E读中查询图书 在五车中查询图书 在当当中查询图书 在豆瓣中查询图书


正题名:电子CAD试题汇编     索取号:TN410.2/124         预约/预借

序号 登录号 条形码 馆藏地/架位号 状态 备注
1 798364   207983645   第二样本阅览室/ [索取号:TN410.2/124] 在馆    
2 798365   207983654   第三借阅区/ [索取号:TN410.2/124] 在馆    
3 798366   207983663   第三借阅区/ [索取号:TN410.2/124] 在馆    
4 798367   207983672   第三借阅区/ [索取号:TN410.2/124] 在馆    
5 798368   207983681   第三借阅区/ [索取号:TN410.2/124] 在馆    
6 798369   207983690   第三借阅区/ [索取号:TN410.2/124] 在馆    
唐山师范学院图书馆 欢迎您!
大连网信软件有限公司© 版权所有